[Event "FAI-ch Junior Gr C"]
[Site "Torshavn"]
[Date "2003.02.??"]
[Round "2"]
[White "Flo, Joergen"]
[Black "Kjar, Malte Brogger"]
[Result "1-0"]
[WhiteElo "997"]
[BlackElo "1455"]
[PlyCount "117"]
[EventDate "2003.02.??"]
[EventType "swiss"]
[EventRounds "6"]
[EventCountry "FAI"]
[SourceTitle "EXT 2024"]
[Source "ChessBase"]
[SourceDate "2023.10.10"]
[SourceVersion "1"]
[SourceVersionDate "2023.10.10"]
[SourceQuality "1"]

1. e4 e5 2. Nf3 Nc6 3. Bc4 Bc5 4. Nc3 Nf6 5. d3 h6 6. Be3 Bxe3 7. fxe3 d6 8. Qd2 Bg4 9. h3 Bh5 10. g4 Bg6 11. 0-0-0 a6 12. Qg2 Qd7 13. Rdg1 0-0-0 14. h4 h5 15. g5 Ng4 16. Qe2 Na5 17. Bb3 Nxb3+ 18. axb3 Qe6 19. Nh2 Nxh2 20. Rxh2 Rhf8 21. Rf1 f6 22. gxf6 Rxf6 23. Rxf6 Qxf6 24. Nd5 Qe6 25. Rg2 c6 26. Rxg6 Qf7 27. Qxh5 cxd5 28. exd5 Qf1+ 29. Qd1 Qf2 30. Rxg7 Qxh4 31. Qg4+ Qxg4 32. Rxg4 Rf8 33. Rg6 Kc7 34. Rg7+ Kb6 35. Rd7 Rf6 36. Kd2 a5 37. Kc3 Ka6 38. d4 b5 39. dxe5 dxe5 40. Re7 Rf8 41. Rxe5 Kb6 42. e4 Rh8 43. d6 Kc6 44. Rd5 Kd7 45. e5 Kc6 46. Rd4 Kd7 47. e6+ Kxe6 48. d7 Rd8 49. Re4+ Kd6 50. Kd3 Rxd7 51. Rd4+ Kc6 52. Rxd7 Kxd7 53. Kd4 Kd6 54. c4 a4 55. bxa4 bxa4 56. c5+ Kd7 57. Kd5 Kc7 58. Kc4 Kc6 59. Kb4 1-0